Wymień wszystkich kosmitów z Ben 10 - Statystyki

Ogólne statystyki
  • Ten quiz został rozwiązany 1 240 razy
  • Średni wynik to 26 z 60
Statystyki odpowiedzi
Kosmici % Poprawnych
Czteroręki
93%
Inferno
84%
Diamentogłowy
83%
Szybcior
83%
Szara Materia
79%
Kulopłot
77%
Mucha
73%
Gigantozaur
68%
Fantom
64%
Upgrade
63%
Dzikie Pnącze
61%
Dzikopysk
61%
Echo Echo
61%
Way Big
60%
Ziąb
60%
Zębal
59%
Obcy X
58%
Szlamfajer
57%
Jetray
50%
Gniew
49%
Plazma
48%
Chromaton
47%
Feedback
45%
Pajęczarz
45%
Klon
44%
Armowiertło
42%
Łebkrab
42%
NRG
39%
Terrawiatr
39%
Wodny Nahaj
38%
Amfibian
37%
Upchuck
37%
Gała
35%
NanoBen
35%
Atomix
34%
Bloxx
34%
Polarny
33%
Najgorszy
32%
Szybkołak
32%
Gravattack
29%
Raptus
29%
Arktiguana
28%
Mechaniczny
28%
Fachura
27%
Snare-oh
26%
BenViktor
25%
Przeginka
25%
Astrodaktyl
23%
Shocksquatch
23%
Crashhopper
22%
Fangampir
22%
Bykżab
21%
Gazior
20%
Kretowąs
20%
Nogopstrąg
20%
Chochlik
19%
Rochatynik
19%
Megaszpon
18%
Orzuk
17%
Toepick
16%
Nie znaleziono quizów pasujących do podanych kryteriów
Rozkład punktacji
Procent ludzi z każdym wynikiem
Percentyl według liczby udzielonych odpowiedzi
Twoja historia wyników
Nie rozwiązałeś tego quizu